Can You Name All The Characteristics Of Tick From Brawl Stars? - Statistics

General Stats
  • This quiz has been taken 2 times
  • The average score is 5 of 15
Answer Stats
Hint Answer % Correct
Rarity Super Rare
100%
Class Artillery
50%
Prestige Title Hot-Headed
50%
Gadgets Last Hurrah
50%
Buffies No
50%
Trait No
50%
Trio Pirates
50%
Star Power Well Oiled
50%
Title Where's My Head
50%
Star Power Automa-Tick Reload
0%
Super Headfirst
0%
Hypercharge Headstrong
0%
Voice Actor Martin Schjoler
0%
Gadgets Mine Mania
0%
Attack Minimines
0%
No matching quizzes found
Score Distribution
Percent of People with Each Score
Percentile by Number Answered
Your Score History
You have not taken this quiz